000
00331nam a2200145Ia 4500
008
150201s2010 xx 000 0 und d
082
_a
610.7362
_b
P10D
100
_a
DUTTA, PARUL
245
_a
PEDIATRIC NURSING
250
_a
2ND
260
_b
JAYPEE
_a
INDIA
_c
2010
300
_a
513
650
_a
PEDIATRICS
942
_2
ddc
_c
BK
_0
18
999
_c
2189
_d
2189